[Event "Medellin Amateur op"]
[Site "Medellin"]
[Date "2011.04.24"]
[Round "9.14"]
[White "Gaviria B, Alejandro"]
[Black "Gil Restrepo, Gustavo Adolfo"]
[Result "1-0"]
[WhiteElo "1600"]
[BlackElo "1607"]
[PlyCount "23"]
[EventDate "2011.04.20"]
[EventType "swiss"]
[EventRounds "9"]
[EventCountry "COL"]
[SourceTitle "EXT 2024"]
[Source "ChessBase"]
[SourceDate "2023.10.10"]
[SourceVersion "1"]
[SourceVersionDate "2023.10.10"]
[SourceQuality "1"]

1. d4 d5 2. f4 e6 3. Nf3 Nf6 4. Nbd2 Nbd7 5. e3 c5 6. c3 Be7 7. Bd3 cxd4 8. cxd4 b6 9. 0-0 a5 10. Qe2 Bb7 11. Ne5 Ne4 12. Qh5 1-0